00842naa a2200157 i 45000010005000000030009000050050017000140080041000310400028000721000143001002450106002435380088003497730219004379420013006569990015006699930KOSZ 00520180412102722.0080714s2008 pl fq |000 0 pol  aWA NcWA NdKOSZ 005/HR aSOKOŁOWSKI, Stanisław.bPolitechnika Koszalińska - Wydział Mechaniczny,cKatedra Zastosowań Elektroniki i Elektrotechnikid1996 - .10aPomiary podstawowych wielkości elektrycznych w obwodach prądu stałego /cStanisław Sokołowski. aWymagania systemowe: IBM PC; Windows 98 lub nowszy; Acrobat Reader; czytnik CD-ROM. iW : tPodstawy elektrotechniki i elektroniki dla nieelektryków. T. 1, Laboratorium. [CD] / pod red. Jerzego Smyczka. -dKoszalin : Wydaw. Uczelniane Politechniki Koszalińskiej, 2008. -gs. 13-46.z9788373651555 2UKDcROZ c9930d9930